00800nam a2200145Ia 4500008004100000020001800041100012700059245017300186260002700359650010900386650000800495856004200503999001900545952009000564171212s9999 xx 000 0 und d a9780833041319 aPace, Nicholas M.;Carroll, Stephen J.;Vogelsang, Ingo;Zakaras, Laura;Stephen J. Carroll, ;Ingo Vogelsang, ;Laura Zakaras,  cPace, Nicholas M.;Carroll, Stephen J.;Vogelsang, Ingo;Zakaras, Laura;Stephen J. Carroll, ;Ingo Vogelsang, ;Laura Zakaras, aInsurance Class Actions in the United States bRAND Corporationc2007 aClass actions (Civil procedure) -- United States; Tort liability of insurance companies -- United States aLaw uwww.jstor.org/stable/10.7249/mg587icj c352228d352228 001040aCLbCLd2017-12-12l0oKF8896.I57 2007r2017-12-12 00:00:00w2017-12-12yCBE